Dlhodobá nezamestnanosť vo svete a v regiónoch Slovenska

Nezamestnanosť ako celosvetový problém. Miera nezamestnanosti v krajinách EÚ. Podiel nezamestnaných mladistvých. Dlhodobá nezamestnanosť. Podiel dlhodobo nezamestnaných z celkového počtu nezamestnaných. Doba evidencie uchádzačov o zamestnanie v SR podľa územia. Podiel dlhodobo evidovaných uchádzačov...

Description complète

Enregistré dans:
Détails bibliographiques
Auteur principal: Rievajová, Eva
Format: Chapitre de livre
Langue:slovaque
Sujets:
Tags: Ajouter un tag
Pas de tags, Soyez le premier à ajouter un tag!

MARC

LEADER 00000naa a2200000 4500
001 r022097
005 20230807094108.6
041 0 |a slo 
044 |a SK 
245 1 0 |a Dlhodobá nezamestnanosť vo svete a v regiónoch Slovenska  |c Eva Rievajová 
520 |a Nezamestnanosť ako celosvetový problém. Miera nezamestnanosti v krajinách EÚ. Podiel nezamestnaných mladistvých. Dlhodobá nezamestnanosť. Podiel dlhodobo nezamestnaných z celkového počtu nezamestnaných. Doba evidencie uchádzačov o zamestnanie v SR podľa územia. Podiel dlhodobo evidovaných uchádzačov o zamestnanie z celkového počtu uchádzačov v okresoch SR. 
610 2 0 |a nezamestnanosť 
610 2 0 |a miera nezamestnanosti 
610 2 0 |a svet 
610 2 0 |a Európska únia 
610 2 0 |a okresy 
610 2 0 |a mladiství 
610 2 0 |a Slovensko 
610 2 0 |a trh práce 
610 2 0 |a 1991-1995 
610 2 0 |a 1985 
610 2 0 |a údaje štatistické 
100 1 |a Rievajová, Eva